Kde a ako inovovať?

Príklady úspešných inovácií. Čo robiť v podniku v oblasti inovácií. Podnikanie typu poznaj a zareaguj. Inovácia podnikateľského systému. Inovácie výrobkov, služieb a procesov. Tri fázy pri inovácii výrobku.

Guardado en:
Detalles Bibliográficos
Autor principal: Košturiak, Ján
Formato: Capítulo de libro
Lenguaje:eslovaco
Materias:
Etiquetas: Agregar Etiqueta
Sin Etiquetas, Sea el primero en etiquetar este registro!

MARC

LEADER 00000naa$a2200000$$$4500
001 0093252
005 20230912093836.5
041 0 |a slo 
044 |a SK 
245 1 0 |a Kde a ako inovovať?  |c Ján Košturiak 
520 |a Príklady úspešných inovácií. Čo robiť v podniku v oblasti inovácií. Podnikanie typu poznaj a zareaguj. Inovácia podnikateľského systému. Inovácie výrobkov, služieb a procesov. Tri fázy pri inovácii výrobku. 
610 2 0 |a podnik 
610 2 0 |a podnikanie 
610 2 0 |a zákazníci 
610 2 0 |a inovácia 
610 2 0 |a výrobky 
100 1 |a Košturiak, Ján